000 00525nam a2200193Ia 4500
003 OSt
005 20250201083505.0
008 210716s1986 xx 000 0 und d
020 _a0525244506
040 _cAIMIT LIBRARY
041 _aeng
082 _a813.54
_21
_bCARJ
100 _aCarroll, James.
_9196848
245 _aSupply of heroes /
_cBy James Carroll.
250 _a1st ed.
260 _aNew York :
_bE P Dutton and co. inc ;
_c1986.
300 _a403p. ;
_bPB
_c24 cm.
942 _2ddc
_cBK
_e1st ed.
_k813.54 CARJ
999 _c200166
_d200166